=LDR 00000nam 2200000 4500 =001 INLIS000000000033026 =005 20130612135014 =008 ***********************************ind** =035 ##$$0010-061300000033026 =041 ##$$a ind =082 ##$$a 303.66 =090 ##$$a 303.66, Wid b =100 ##$$a Widada, Rh =245 ##$$a Bush =260 ##$$a 2007 $b Yogyakarta =300 ##$$a x, 166 hlm, ilus, 18 cm =650 ##$$a Perang =700 ##$$a Cahyaningtyas, June =850 ##$$a NBPNMAT